000 00690nam a2200205 i 4500
001 43825
003 ES-MaACL
007 t|
008 030318s1941 sp ||||1| spa d
100 1 _aCésar, Cayo Julio,
_d100 a.C.-44 a.C.
_937671
245 1 4 _aLos comentarios /
_cCayo Julio Cesar.
260 _aValladolid :
_bLibrería Santarén,
_c1941.
300 _a2 v. ;
_c19 cm.
500 _aTexto latino y versión castellana.
505 8 _aContiene: V. II: La guerra civil. -- V. III: Guerras de Alejandría, Africa y España
740 3 _aLa guerra civil.
740 0 _aGuerras de Alejandría, Africa y España.
852 _aES-MaACL
_jE-3667-8
999 _c43825
_d43825